000 00667nam a22001937a 4500
005 20250122161356.0
010 _aENG-142757
020 _c60.00
_a9789350690406
035 _aEN-126289
037 _bDBAD
082 _a230.35
100 _aSri Sathya Sai Sadhana Trust
_976870
245 _aThe Essential Sai:
_bAn Introduction to the Sacred Mission of Sri Sathya Sai Baba/
_cby Sri Sathya Sai Sadhana Trust
250 _a1
260 _aA.P
_bSri Sathya sai Sadhana Trust
_c2013
270 _bPrasanthi Nilayam
_aAnantapur Distric
_e515134
_morders@sssbpt.org
_k011-287375
_l287236
300 _a257p.
_c22cm(pb)
942 _2ddc
_cEN
_h230.35
_mESS
999 _c207316
_d207316